|
|
|
|
| LEADER |
00753nab a2200181 i 4500 |
| 001 |
misc15318 |
| 005 |
20191106142450.0 |
| 008 |
170607s1932 hu o 0|| hun d |
| 040 |
|
|
|a SZTE Miscellanea Repozitórium
|b hun
|
| 041 |
|
|
|a hun
|
| 100 |
1 |
|
|a Meszlény Artur
|
| 245 |
1 |
0 |
|a Dr. Kovács Marcel
|h [elektronikus dokumentum] :
|b A Polgári Perrendtartás magyarázata. Tizenegyedik füzet. Budapest, 1931. : [könyvismertetés] /
|c Meszlény Artur
|
| 260 |
|
|
|c 1932
|
| 300 |
|
|
|a 76-77c
|
| 490 |
0 |
|
|a Polgári jog : a hazai és külföldi magánjog és hiteljog szemléje
|v 8
|
| 695 |
|
|
|a Eljárásjog peres eljárás - könyvismertetés
|
| 700 |
0 |
1 |
|a Kovács Marcel
|
| 856 |
4 |
0 |
|u http://misc.bibl.u-szeged.hu/15318/1/polgari_jog_1932_076-077c.pdf
|z Dokumentum-elérés
|